000 00315nam a22001457a 4500
008 210514b ||||| |||| 00| 0 eng d
020 _a676251834673
041 _aeng
080 _a82
082 _a82
100 _a21
101 _aGJL
245 _aRomance of the Three Kingdoms
_cChung,L.K
942 _2udc
_cBK
999 _c57318
_d57318